| 000 | 00455nam a2200193Ia 4500 | ||
|---|---|---|---|
| 008 | 210210b1927 xxu||||| |||| 00| 0 eng d | ||
| 041 | _aeng | ||
| 082 | _a540.2 PHIA | ||
| 100 | _aPHILIP (James C) | ||
| 245 | _aAchievements of chemical science | ||
| 260 |
_aLondon _bMacmillan & Co. Ltd. _c1927 |
||
| 300 | _a223 | ||
| 650 | _ascience | ||
| 650 | _aof | ||
| 650 | _achemical | ||
| 650 | _aAchievements | ||
| 690 | _aChemistry | ||
| 906 | _a009231 | ||
| 999 |
_c116273 _d116273 |
||